2. A Clash of Plots - A Song of Ice and Fire chapters - Statistics

General Stats
  • This quiz has been taken 5 times
  • The average score is 25 of 70
Answer Stats
# Chapter Question Answer % Correct
33 Catelyn IV When trying to describe Renly's assassin, Catelyn says it was some sorcery that felt strongly of Stannis, but all she saw was what? A shadow
67%
10 Davos I Davos watches a ceremony where statues featuring likenesses of the Seven are burned and Stannis Baratheon is proclaimed by Melisandre to be the second coming of this mythical hero. Azor Ahai
67%
4 Bran I The two new wards of Bran's mother are both called Walder Frey and are nicknamed ___ and ______ to distinguish them. Big and Little
67%
2 Sansa I Drunken knight that King Joffrey is about to execute until Sansa convinces him to make the knight his fool instead. Dontos Hollard
67%
1 Arya I Orphan boy that Arya beats bloody when he tries to steel her sword, Needle. Hot Pie
67%
21 Bran III The children of this ally of Ned Stark arrive at Winterfell for the Harvest Feast. Howland Reed
67%
8 Tyrion II Tyrion entertains this newly instated lord to dinner, only to have him arrested and sent to the Wall for the massacre of Robert Baratheon's bastards. Janos Slynt
67%
29 Tyrion VII Tyrion threatens this man with knowledge of his part in King Robert's death and his sexual relationship with Cersei. Lancel Lannister
67%
19 Arya V Name of Arya's friend who was unceremoniously speared through the neck by Raff the Sweetling. Lommy Greenhands
67%
31 Catelyn III As the Baratheon brothers fail to come to terms with each other, Renly vexes Stannis by eating this fruit. Peach
67%
17 Tyrion IV One of the three people Tyrion pulls into a trap to expose which is spying on him on Cersei's behalf. Pycelle, Littlefinger, Varys
67%
22 Catelyn II As a reward for winning a great melee, Brienne of Tarth requests to join this organisation. Rainbow Guard
67%
35 Bran V Ser Rodrik returns to Winterfell with a prisoner going by this pseudonym. Reek
67%
25 Tyrion VI Tyrion informs Cersei that Stannis has sailed from Dragonstone, but to this location rather than King's Landing. Storm's End
67%
23 Jon III Lord Commander Mormont learns from Craster that Mance Rayder is gathering the wildlings in this location. The Frostfangs
67%
9 Arya III In order to throw off the pursuit of the Gold Cloaks, Yoren decides to leave the Kingsroad and travel around the far side of this lake. The God's Eye
67%
18 Sansa II Location Sansa is bidden to visit by a secret letter. The godswood
67%
34 Jon IV Following Ghost away from the Fist of the First Men, Jon discovers a buried Night's Watch cloak containing dragonglass weapons and what many book fans think is this legendary item. The Horn of Winter
67%
26 Arya VI Epithet by which the Lannister torturer is known. The Tickler
67%
54 Tyrion XII Cersei threatens this sex worker, incorrectly believing her to be Tyrion's lover, Shae. Alayaya
33%
14 Arya IV Yoren has his company take shelter in an abandoned holdfast, only to be attacked by Lannister raiders led by this infamous knight. Amory Lorch
33%
40 Daenerys III Dany interprets Quaithe's riddle as the Shadowbinder advising her to travel to this location. Asshai-by-the-Shadow
33%
58 Davos III The name of Davos' ship, which he sails into Tyrion's trap on the Blackwater Rush Black Betha
33%
44 Tyrion X While trying to convince Tyrion of Stannis's use of magic in assassinations, Varys tells the story of his castration in a blood magic ritual which caused a voice to speak from a fire that had turned this colour. Blue
33%
32 Sansa III Kingsguard knight beating Sansa at Joffrey's behest when Tyrion intervenes. Boros Blount
33%
45 Catelyn VI Cat reflects on the events surrounding Littlefinger's exile from Riverrun after being soundly beaten in duel with this man for Cat's hand. Brandon Stark
33%
7 Catelyn I Name of the knight King Robb sends as an envoy to deliver his peace terms to King's Landing. Cleos Frey
33%
16 Bran II Name of the widowed Lady who is attracting many suitors, but would probably prefer a smitten Ser Rodrik Cassel. Donella Hornwood
33%
52 Sansa IV Cersei comforts Sansa who is terrified by the imminent prospect of marrying Joffrey now she has experienced this process for the first time. Flowering (in-world term for her first period)
33%
28 Bran IV Name the Reeds give the ability to have prophetic dreams. Greensight
33%
43 Jon V Qhorin, a legendary Night's Watch Ranger based at the Shadow Tower has this epithet due to an injury sustained from a Wildling's axe. Halfhand
33%
60 Sansa VI A drunken Cersei reveals to Sansa that this knight is actually present not to guard them, but to euthanise them if Stannis takes the city. Ilyn Payne
33%
5 Arya II Name of the man imprisoned in the wagon who refers to himself in the third person and suggests Arya could make a friend by bringing him a beer. Jaqen H'Ghar
33%
65 Sansa VIII This knight, who Sansa has a crush on, is named as the newest member of the Kingsguard for his heroic actions during the Battle of the Blackwater Loras Tyrell
33%
68 Jon VIII Jon and Qhorin are captured by a party of Wildlings, led by this uniquely dressed character. Lord of Bones (Rattleshirt)
33%
63 Daenerys V An assassin nearly kills Dany by presenting her with a box containing this deadly creature. Manticore
33%
36 Tyrion VIII Tyrion suggests King Joffrey is married to this newly widowed noblewoman. Margaery Tyrell
33%
67 Tyrion XV Tyrion regains consciousness having been saved by Podrick following his attempted assassination during the battle, but learns he is now missing this facial feature. Nose
33%
49 Tyrion XI First name of the Kettleblack sibling Cersei names to the Kingsguard to replace the disgraced Boros Blount. Osmund
33%
15 Tyrion III After receiving Stannis's declaration that Cersei's children are illegitimate, Littlefinger suggests they respond by starting a rumour Stannis's daughter was fathered by this court fool. Patchface
33%
66 Theon VI 'Reek' returns to Winterfell to sack it and take Theon hostage, revealing himself to in fact be this bastard of the Dreadfort. Ramsay Snow
33%
62 Sansa VII Ser Dontos tells Sansa that Stannis has been defeated and the Lannisters were aided by the ghost of this man. Renly Baratheon
33%
59 Tyrion XIII Tyrion steps up to lead a sortie after this man deserts the fighting due to his fear of fire. Sandor Clegane
33%
39 Catelyn V Religious order tasked with returning Ned Stark's bones to Winterfell. Silent Sisters
33%
53 Jon VII Jon dreams of Bran appearing as a weirwood tree, telling him to open his third eye and tapping his forehead, after which Jon unwittingly performs this magical ability for the first time. Skinchanging (Warging)
33%
6 Jon I The three metals Donal Noye compares the Baratheon brothers: Robert, Stannis, and Renly to, respectively. Steel, iron, copper
33%
37 Theon III Coastal region of the North where Theon has just won an easy victory against Benfred Tallhart. Stony Shore
33%
55 Catelyn VII Drunk on wine intended to loosen his tongue for questioning, Jaime touches a nerve when he mocks Ned Stark's honour for fathering a bastard, causing Cat to call for Brienne to hand her this item. Sword
33%
0 Prologue (Cressen) Poison Maester Cressen uses in a failed attempt to assassinate Melisandre of Asshai. The Strangler
33%
61 Tyrion XIV In one of the series' most beloved quotes, what does Tyrion say about Stannis' army before adding, "Let's go kill them!" "Those are brave men"
33%
46 Bran VI Theon Greyjoy captures Winterfell after he sent Dagmer Cleftjaw to attack this other Northern castle as a diversion. Torrhen's Square
33%
41 Tyrion IX First name of Tyrion's cousin who is missing following the Bread Riot in King's Landing Tyrek
33%
47 Arya IX Jaqen departs after helping Arya to liberate Harrenhal's Northern prisoners, leaving her with a coin and an instruction to say this iconic phrase to any Braavosi if she decides to join the Faceless Men Valar Morghulis
33%
27 Daenerys II Following her arrival in Qarth, Dany is provided with an entire wing of this man's palace. Xaro Xhoan Daxos
33%
51 Jon VI Jon and Qhorin's rangers ambush a Wildling scouting party, killing them all except for this individual who Jon spares and later allows to flee. Ygritte
33%
56 Theon V With Theon almost entirely abandoned to his doomed mission to hold Winterfell, 'Reek' he can provide this many good men in exchange for a horse and a bag of gold. 200
0%
69 Bran VII As Bran leaves the sacked and abandoned Winterfell, he thinks the castle is not dead, just ______. Broken
0%
3 Tyrion I Name of the inn where Tyrion has hidden Shae, but finds Varys already waiting for him. Broken Anvil
0%
30 Arya VII The first name Arya whispers to Jaqen, ordering his death. Chiswyck
0%
42 Davos II Name of the Storm's End castellan who has a memorable war of words with Stannis Baratheon. Cortnay Penrose
0%
50 Theon IV Theon realises Bran and Rickon have escaped when he notices he can't hear this. Direwolves howling
0%
24 Theon II Alias that Asha Greyjoy gives herself to fool Theon and see how he reacts. Esgred
0%
20 Tyrion V Name of the pyromancer Tyrion consults about wildfire production. Hallyne
0%
57 Sansa V In yet another humiliation before he goes to his post in the Battle of the Blackwater, Joffrey orders Sansa to kiss his sword, which has this name. Hearteater
0%
11 Theon I Iron Islands town where Theon docks, returning to his homeland for the first time in a decade. Lordsport
0%
64 Arya X Arya decides not to reveal her true identity to Roose Bolton, continuing to serve disguised as his cupbearer using this three-letter pseudonym. Nan
0%
48 Daenerys IV Dany experiences a series of trippy and prophetic visions in the House of the Undying after consuming this inky-blue liquid. Shade of the Evening
0%
12 Daenerys I The name Dany gives to the abandoned city in which her khalasar take temporary refuge from the Red Waste desert. Vaes Tolorro
0%
38 Arya VIII The second name Arya whispers to Jaqen, ordering his death. Weese
0%
13 Jon II Name of the abandoned village encountered in this chapter; apparently the fourth the Great Ranging has passed so far. Whitetree
0%
No matching quizzes found
Score Distribution
Percent of People with Each Score
Percentile by Number Answered
Your Score History
You have not taken this quiz